| 000 | 01784cam a22004454i 4500 | ||
|---|---|---|---|
| 003 | PE-LiUPU | ||
| 005 | 20250731173016.0 | ||
| 008 | 150623s r 000 0 d | ||
| 035 | _a(Sirsi) a23198 | ||
| 040 |
_aPE-LiUPU _bspa _cPE-LiUPU _erda |
||
| 082 | 0 | 4 |
_a291.23 _bW92 _221 |
| 100 | 1 |
_aWright, J. Edward, _eautor. |
|
| 245 | 1 | 4 |
_aThe early history of heaven / _cJ. Edward Wright. |
| 264 | 1 |
_aNew York, NY : _bOxford University Press, _c2000. |
|
| 300 |
_a318 páginas : _bilustraciones, gráficos ; _c24 cm. |
||
| 336 |
_atext _2rdacontent |
||
| 337 |
_aunmediated _2rdamedia |
||
| 338 |
_avolume _2rdacarrier |
||
| 504 | _aIncluye bibliografía. | ||
| 505 | 0 | _aAncient Egyptian traditions. -Ancient Mesopotamian traditions. -Israelite traditions. -Persian, Greek and Roman traditions. -Early Jewish and Christian traditions. -Early Jewish and Christian traditions. -Early Jewish and Christian traditions. -Later developments in Jewish, Christian, and Islamic images. | |
| 526 | _aSEG42 | ||
| 526 | _aSEG41 | ||
| 526 | _aSEG40 | ||
| 526 | _aSEG39 | ||
| 526 | _aP94 | ||
| 526 | _aP87 | ||
| 526 | _aP86 | ||
| 526 | _aP85 | ||
| 526 | _aP77 | ||
| 526 | _aP76 | ||
| 526 | _aP35 | ||
| 650 | 0 | 4 |
_aCielo _xJudaísmo _vHistoria de las doctrinas. |
| 650 | 0 | 4 |
_aCielo _xCristianismo _vHistoria de las doctrinas _yIglesia primitiva, ca. 30-600. |
| 650 | 0 | 4 | _aCielo. |
| 942 |
_2ddc _cBOOK |
||
| 949 |
_a291.23 W92 _wDEWEY _c1 _i47301 _lCCODEBUL1 _mBUL _p00.00 _r0 _sY _tBOOK _u2015-06-24 _xTEOLOGIA _PP35 _0COMPRA _o.STAFF. Colección General |
||
| 596 | _a1 | ||
| 999 |
_a291.23 W92 _wDEWEY _c23848 _i47301 _f2021-11-11 _g5 _lCCODEBUL1 _mBUL _r0 _sY _tBOOK _u2015-6-24 _xTEOLOGIA _PP35 _0COMPRA _o.STAFF. Colección General _d23848 |
||
| 980 |
_81 _gALBERTO SANCHEZ Responsable de Automatización |
||